Missing Word: Movie Words Ending in 'I' Quiz Stats

Quiz Updated May 20, 2016

Challenge
Share
Tweet
Embed
Score 0/16 Timer 04:00
0 Plays Today
Hint Missing Word % Correct
Life of _____Pi
98.8%
Star Wars: Episode VI - Return of the _____Jedi
97.3%
_____ DriverTaxi
96.7%
_____ LongstockingPippi
92.8%
The Bridge on the River _____Kwai
91.3%
The Big _____Lebowski
89.2%
Artificial Intelligence: _____AI
83.4%
Seven _____Samurai
75.2%
Hint Missing Word % Correct
_____ BurningMississippi
73.2%
_____ NoonShanghai
72.8%
_____-ProSemi
70.7%
Blue _____Hawaii
67.1%
American _____Graffiti
62.3%
_____ BearYogi
43%
The _____ BreaksMissouri
18.4%
El _____Mariachi
14.9%

Today's Daily Dose

You're not logged in!

Compare scores with friends on all Sporcle quizzes.
Sign Up with Email
OR
Log In

You Might Also Like...

Show Comments

Extras

Top Quizzes Today


Score Distribution

Your Account Isn't Verified!

In order to create a playlist on Sporcle, you need to verify the email address you used during registration. Go to your Sporcle Settings to finish the process.